00369nam a22001097a 4500003000400000082001800004100002100022245014100043260003600184300000800220650003100228SGT a617.601bI21S aSABHARWAL, RICHI aImpact of Senese Of Coherence on Oral Health Related Behaviours And Oral Health Related Quality of Life Among an Adolescent Population  aGURUGRAM bSGT UNIVERSITYc2021 a181 aPHD THESIS DENTAL SCIENCE